[Event "4th Novi Sad it"]
[Site "Novi Sad"]
[Date "1975.10.09"]
[EventDate "1975.10.05"]
[Round "5.1"]
[White "Tarjan, James Edward"]
[Black "Vukic, Milan"]
[Result "1-0"]
[WhiteElo "2480"]
[BlackElo "2450"]
[PlyCount "93"]
[Source "Perpetual Check"]

1. d4 Nf6 2. c4 g6 3. Nc3 Bg7 4. e4 d6 5. Be2 O-O 6. Bg5 h6 7. Be3 c5 8. dxc5
Qa5 9. Bd2 Qxc5 10. Nf3 Nc6 11. O-O Nd4 12. Nxd4 Qxd4 13. Qc2 Qe5 14. Kh1 Qc5
15. Be3 Qa5 16. Qd2 h5 17. f3 Rd8 18. a3 Bd7 19. b4 Qc7 20. Rac1 Rdc8 21. f4
Bc6 22. Bd3 e6 23. h3 b6 24. Qf2 Qb7 25. e5 Ne4 26. Bxe4 Bxe4 27. Nb5 dxe5 28.
Nd6 Qc6 29. fxe5 f5 30. b5 Qc7 31. c5 bxc5 32. Rxc5 Qd7 33. Nxc8 Rxc8 34. Rxc8+
Qxc8 35. Qg3 Kh7 36. Rc1 Qb8 37. Rc5 Bf8 38. Qg5 Qb7 39. Rc1 Bg7 40. a4 Qd7 41.
Bf4 Bc2 42. a5 Ba4 43. b6 axb6 44. axb6 Bc6 45. Rc3 Bf8 46. Rg3 Qe8 47. Rd3 1-0

[Event "4th Novi Sad it"]
[Site "Novi Sad"]
[Date "1975.10.09"]
[EventDate "1975.10.05"]
[Round "5.2"]
[White "Deze, Anton"]
[Black "Baretic, Dragoljub"]
[Result "1/2-1/2"]
[WhiteElo "2380"]
[BlackElo "2305"]
[PlyCount "48"]
[Source "Perpetual Check"]

1. c4 e5 2. Nc3 Nf6 3. Nf3 Nc6 4. d4 exd4 5. Nxd4 Bb4 6. Bg5 h6 7. Bh4 Bxc3+ 8.
bxc3 Ne5 9. f4 Ng6 10. Bxf6 Qxf6 11. g3 O-O 12. Bg2 a6 13. Qd3 d6 14. O-O Rd8
15. Rab1 c6 16. e4 Nf8 17. Rfd1 Qe7 18. Rd2 Qc7 19. Nb3 b5 20. c5 d5 21. exd5
cxd5 22. Bxd5 Bb7 23. c4 Ne6 24. Qf3 Nxc5 1/2-1/2

[Event "4th Novi Sad it"]
[Site "Novi Sad"]
[Date "1975.10.09"]
[EventDate "1975.10.05"]
[Round "5.4"]
[White "Fichtl, Jiri"]
[Black "Ivkov, Borislav"]
[Result "1/2-1/2"]
[WhiteElo "2390"]
[BlackElo "2550"]
[PlyCount "24"]
[Source "Perpetual Check"]

1. e4 e5 2. Nf3 Nc6 3. Bb5 a6 4. Ba4 d6 5. c4 Nf6 6. Nc3 Bg4 7. h3 Bxf3 8. Qxf3
Be7 9. d3 O-O 10. Bxc6 bxc6 11. O-O Nd7 12. Be3 c5 1/2-1/2

[Event "4th Novi Sad it"]
[Site "Novi Sad"]
[Date "1975.10.09"]
[EventDate "1975.10.05"]
[Round "5.5"]
[White "Ilijic, Milan"]
[Black "Buljovcic, Ivan"]
[Result "0-1"]
[WhiteElo "2345"]
[BlackElo "2435"]
[PlyCount "186"]
[Source "Perpetual Check"]

1. c4 c5 2. g3 Nc6 3. Bg2 Nf6 4. Nc3 b6 5. d3 Bb7 6. f4 e6 7. e4 Nd4 8. Nge2 d6
9. Nxd4 cxd4 10. Ne2 e5 11. h3 Be7 12. O-O Nd7 13. Rb1 a5 14. Bd2 O-O 15. g4
Bh4 16. Kh2 Nc5 17. Qc2 g6 18. fxe5 dxe5 19. Bh6 Re8 20. Qd2 Ne6 21. Ng1 Bg5
22. Bxg5 Qxg5 23. Qxg5 Nxg5 24. h4 Ne6 25. Rf6 Bc8 26. Bf1 Kg7 27. Rf2 Nc5 28.
Be2 h6 29. Rbf1 Ra7 30. Nh3 Be6 31. b3 Rb8 32. Rc1 Na6 33. Kg3 a4 34. bxa4 Nc5
35. Bf1 Rxa4 36. Rb2 Nd7 37. Ng1 Rba8 38. Rcc2 g5 39. Nf3 f6 40. h5 Kf8 41. Nd2
Ke7 42. Be2 R4a6 43. Nb3 Ra3 44. Kf2 Bf7 45. Bf1 Be8 46. Be2 R8a6 47. Bd1 Nf8
48. Kg3 Ne6 49. Kf3 Nf4 50. Rd2 Bd7 51. Kg3 Kd8 52. Kf3 Kc7 53. Kg3 Ra8 54. Kf3
Rc8 55. Rbc2 Kb7 56. Rb2 Ka6 57. Rbc2 Ba4 58. Rc1 Ka7 59. Kg3 b5 60. c5 Kb7 61.
Na5+ Ka6 62. Nb3 Kb7 63. Na5+ Ka6 64. Nb3 b4 65. Rc4 Kb5 66. Rc1 Rc6 67. Kh2
Ra6 68. Kg3 Kc6 69. Rc4 Bb5 70. Rxb4 Rxa2 71. Bc2 R6a3 72. Nc1 Ra1 73. Bb1 Rc3
74. Na2 Kxc5 75. Rdb2 Bxd3 76. Rb8 Bxb1+ 77. Nxc3 dxc3 78. Rc8+ Kd4 79. Rb4+
Kd3 80. Kf3 Ne2 81. Rb6 c2 82. Rxf6 c1=Q 83. Rxc1 Nxc1 84. Rd6+ Kc4 85. Rc6+
Kb5 86. Rxh6 Ra3+ 87. Kf2 Bxe4 88. Rh8 Nd3+ 89. Kg3 Nc5+ 90. Kf2 Kc4 91. Rg8
Bf3 92. h6 Ne4+ 93. Kg1 Ra1+ 0-1

[Event "4th Novi Sad it"]
[Site "Novi Sad"]
[Date "1975.10.09"]
[EventDate "1975.10.05"]
[Round "5.7"]
[White "Notaros, Krasoje"]
[Black "Garcia Gonzales, Guillermo"]
[Result "0-1"]
[WhiteElo "2305"]
[BlackElo "2485"]
[PlyCount "78"]
[Source "Perpetual Check"]

1. e4 c5 2. Nf3 Nc6 3. Bb5 e6 4. O-O Nge7 5. Re1 a6 6. Bf1 d5 7. exd5 Nxd5 8.
d4 cxd4 9. Nxd4 Be7 10. Nxc6 bxc6 11. a3 Qc7 12. c4 Nf6 13. b4 O-O 14. Bb2 Rd8
15. Qf3 Ne8 16. Be5 Bd6 17. Bxd6 Nxd6 18. Nc3 Nf5 19. Rad1 Bb7 20. c5 a5 21.
Rxd8+ Rxd8 22. Rd1 axb4 23. axb4 Rb8 24. Qd3 h6 25. Na4 Qf4 26. Nb6 Re8 27. Qd7
Qb8 28. g3 Ne7 29. Nc4 Kf8 30. Bg2 Ba6 31. Nb6 Bb5 32. h3 Nd5 33. Bxd5 exd5 34.
Qg4 Kg8 35. Rd2 Qe5 36. Qd1 Qc3 37. Kh2 Qxb4 38. Nd7 Re7 39. Rd4 Qb2 0-1

[Event "4th Novi Sad it"]
[Site "Novi Sad"]
[Date "1975.10.09"]
[EventDate "1975.10.05"]
[Round "5.8"]
[White "Balashov, Yury"]
[Black "Miles, Anthony John"]
[Result "1/2-1/2"]
[WhiteElo "2540"]
[BlackElo "2435"]
[PlyCount "52"]
[Source "Perpetual Check"]

1. d4 Nf6 2. Nf3 e6 3. Bg5 c5 4. e3 Be7 5. Nbd2 b6 6. c3 Bb7 7. Bd3 O-O 8. O-O
Nc6 9. Re1 Rc8 10. Rc1 Nh5 11. Ne4 f6 12. Bh4 g6 13. a3 c4 14. Bc2 Na5 15. Ned2
f5 16. Bxe7 Qxe7 17. Qe2 Bd5 18. Nf1 Rf6 19. N3d2 Rcf8 20. f3 b5 21. Qf2 Bc6
22. Ng3 Nxg3 23. Qxg3 d6 24. Ra1 Rb8 25. Qh4 Rf7 26. Qxe7 Rxe7 1/2-1/2

[Event "4th Novi Sad it"]
[Site "Novi Sad"]
[Date "1975.10.11"]
[EventDate "1975.10.05"]
[Round "6.1"]
[White "Vukic, Milan"]
[Black "Miles, Anthony John"]
[Result "0-1"]
[WhiteElo "2450"]
[BlackElo "2435"]
[PlyCount "114"]
[Source "Perpetual Check"]

1. Nf3 Nf6 2. g3 d5 3. Bg2 c6 4. b3 Bf5 5. Bb2 e6 6. O-O h6 7. d3 Be7 8. Nbd2
O-O 9. Qe1 Bh7 10. e4 dxe4 11. dxe4 Nbd7 12. Qe2 Qc7 13. e5 Nd5 14. Ne4 Rfd8
15. Rfd1 Bb4 16. a3 Bxe4 17. axb4 Bxf3 18. Bxf3 Nxb4 19. Rd6 Nd5 20. Rd1 Nf8
21. c4 Ne7 22. Qd2 Re8 23. Be4 a5 24. Qc2 c5 25. f4 Nc6 26. Bxc6 bxc6 27. Ba3
Qb6 28. R1d3 a4 29. bxa4 Reb8 30. Kg2 Ra5 31. Kh3 g6 32. g4 Rba8 33. Qf2 Qa6
34. f5 Qxc4 35. fxg6 Nxg6 36. Rd8+ Rxd8 37. Rxd8+ Nf8 38. Kh4 Rxa4 39. Qf3 Qc2
40. h3 Qg6 41. Bc1 Rd4 42. Rc8 Rc4 43. Bd2 h5 44. Kg3 hxg4 45. hxg4 Qg7 46. Bf4
f5 47. exf6 Qxf6 48. Bg5 Qe5+ 49. Kh4 Qh2+ 50. Qh3 Qf2+ 51. Qg3 Qf5 52. Rxf8+
Kxf8 53. Qd6+ Kf7 54. Qd1 Qf2+ 55. Kh5 Qh2+ 56. Bh4 Qe5+ 57. Bg5 Qh8+ 0-1

[Event "4th Novi Sad it"]
[Site "Novi Sad"]
[Date "1975.10.11"]
[EventDate "1975.10.05"]
[Round "6.2"]
[White "Garcia Gonzales, Guillermo"]
[Black "Balashov, Yury"]
[Result "1/2-1/2"]
[WhiteElo "2485"]
[BlackElo "2540"]
[PlyCount "99"]
[Source "Perpetual Check"]

1. d4 Nf6 2. c4 e6 3. Nc3 Bb4 4. e3 b6 5. Bd3 Bb7 6. f3 c5 7. dxc5 Bxc5 8. a3
O-O 9. Nge2 Nc6 10. Nf4 Ne5 11. Be2 Rc8 12. O-O Re8 13. b3 d5 14. cxd5 exd5 15.
Nb5 Nc6 16. Nd4 a6 17. b4 Bd6 18. Nxc6 Bxc6 19. Bxa6 Rb8 20. Bd3 Ra8 21. Qd2
Qe7 22. Rb1 Qe5 23. g3 Bb7 24. Rb3 d4 25. e4 Rad8 26. Qf2 h6 27. Ne2 Bf8 28.
Rb1 Re7 29. Bb2 Red7 30. Rbd1 Bc6 31. Rd2 Qg5 32. Nc1 h5 33. h4 Qh6 34. Bc4
Bxe4 35. Rxd4 Bd5 36. Bb5 Rc7 37. Nd3 Rdc8 38. Nf4 Rc2 39. Rd2 Bb3 40. Bd4 Nd5
41. Rxc2 Rxc2 42. Ne2 Ra2 43. Ra1 Qd2 44. Rxa2 Qxa2 45. Nc3 Qa1+ 46. Qf1 Qxa3
47. Nxd5 Bxd5 48. Kg2 Qxb4 49. Bxb6 Qb3 50. Qd3 1/2-1/2

[Event "4th Novi Sad it"]
[Site "Novi Sad"]
[Date "1975.10.11"]
[EventDate "1975.10.05"]
[Round "6.4"]
[White "Buljovcic, Ivan"]
[Black "Bojkovic, Slobodan"]
[Result "1/2-1/2"]
[WhiteElo "2435"]
[BlackElo "2450"]
[PlyCount "55"]
[Source "Perpetual Check"]

1. e4 c5 2. Nf3 e6 3. d4 cxd4 4. Nxd4 a6 5. Bd3 Qc7 6. O-O d6 7. c4 g6 8. Bd2
Bg7 9. Bc3 Nf6 10. Nd2 Nbd7 11. Qe2 O-O 12. f4 e5 13. fxe5 Nxe5 14. h3 Bd7 15.
Rf2 Rae8 16. Bc2 Bc8 17. a4 Kh8 18. Raf1 Nfd7 19. Kh1 b6 20. Qd1 Bb7 21. b3 Kg8
22. Qa1 Nc5 23. a5 bxa5 24. Bxa5 Qc8 25. Bc3 Qa8 26. Re2 Qc8 27. N4f3 Re7 28.
Rd1 1/2-1/2

[Event "4th Novi Sad it"]
[Site "Novi Sad"]
[Date "1975.10.11"]
[EventDate "1975.10.05"]
[Round "6.5"]
[White "Ivkov, Borislav"]
[Black "Ilijic, Milan"]
[Result "1-0"]
[WhiteElo "2550"]
[BlackElo "2345"]
[PlyCount "65"]
[Source "Perpetual Check"]

1. d4 g6 2. c4 Bg7 3. Nc3 b6 4. e4 Bb7 5. Nf3 d6 6. Bd3 Nd7 7. Be3 e5 8. d5 Nc5
9. Bc2 a5 10. a3 f6 11. b4 Nd7 12. Ba4 Nh6 13. c5 bxc5 14. bxc5 Ba6 15. Bc6 O-O
16. Bxa8 Qxa8 17. c6 Nc5 18. Bxc5 dxc5 19. Ne2 f5 20. Ng5 fxe4 21. Nxe4 Nf5 22.
O-O Nd4 23. Nxd4 cxd4 24. Qb3 Bxf1 25. Rxf1 Qa6 26. Nc5 Qa8 27. Ne6 Kh8 28.
Nxc7 Qc8 29. Ne6 Rf7 30. Rb1 Bf8 31. Qb8 Qa6 32. Nxf8 Kg7 33. Ne6+ 1-0

[Event "4th Novi Sad it"]
[Site "Novi Sad"]
[Date "1975.10.11"]
[EventDate "1975.10.05"]
[Round "6.6"]
[White "Matulovic, Milan"]
[Black "Fichtl, Jiri"]
[Result "1/2-1/2"]
[WhiteElo "2530"]
[BlackElo "2390"]
[PlyCount "64"]
[Source "Perpetual Check"]

1. e4 e6 2. d4 d5 3. Nd2 Nc6 4. Ngf3 Nf6 5. e5 Nd7 6. Nb3 a5 7. a4 b6 8. Ng5
Be7 9. f4 h6 10. Nf3 Ba6 11. Bxa6 Rxa6 12. O-O Nf8 13. Be3 Ra8 14. c3 Qd7 15.
Qc2 Nb8 16. g4 Na6 17. Nc1 c5 18. Ne2 cxd4 19. Bxd4 Bc5 20. Ng3 Rc8 21. Nh5 Rg8
22. Kh1 Nb8 23. Rad1 Nc6 24. Ng3 Bxd4 25. Nxd4 Nxd4 26. Rxd4 Qc6 27. h3 g6 28.
Kh2 Qc7 29. Rd2 Nd7 30. Ne2 Nc5 31. Nd4 Ne4 32. Re2 Ke7 1/2-1/2

[Event "4th Novi Sad it"]
[Site "Novi Sad"]
[Date "1975.10.11"]
[EventDate "1975.10.05"]
[Round "6.7"]
[White "Baretic, Dragoljub"]
[Black "Romanishin, Oleg"]
[Result "1/2-1/2"]
[WhiteElo "2305"]
[BlackElo "2485"]
[PlyCount "68"]
[Source "Perpetual Check"]

1. e4 c5 2. Nf3 g6 3. d4 Bg7 4. dxc5 Qa5+ 5. c3 Qxc5 6. Be3 Qc7 7. Bd4 Nf6 8.
e5 Ng4 9. e6 f6 10. h3 Nh6 11. Na3 Nc6 12. Nb5 Qb8 13. exd7+ Bxd7 14. Bc5 Nf7
15. Qd5 a6 16. Bc4 e6 17. Qe4 Ncd8 18. Nbd4 Qc8 19. Nb3 Bc6 20. Qe2 Bxf3 21.
gxf3 Ne5 22. Bd3 Nxd3+ 23. Qxd3 Nf7 24. O-O-O Ne5 25. Qe2 Kf7 26. Kb1 Re8 27.
f4 Nd7 28. Be3 Qc7 29. h4 h5 30. Rhg1 Rad8 31. f5 exf5 32. Rxg6 Ne5 33. Rgg1
Ng4 34. Rxd8 Rxd8 1/2-1/2

[Event "4th Novi Sad it"]
[Site "Novi Sad"]
[Date "1975.10.11"]
[EventDate "1975.10.05"]
[Round "6.8"]
[White "Tarjan, James Edward"]
[Black "Deze, Anton"]
[Result "1-0"]
[WhiteElo "2480"]
[BlackElo "2380"]
[PlyCount "77"]
[Source "Perpetual Check"]

1. d4 d5 2. c4 e6 3. Nc3 Nf6 4. Bg5 c5 5. cxd5 cxd4 6. Qxd4 Be7 7. e4 Nc6 8.
Qd2 Nxd5 9. Bxe7 Ndxe7 10. Qxd8+ Nxd8 11. O-O-O Nec6 12. f4 b6 13. Nf3 O-O 14.
Kb1 Nb7 15. Bb5 Ne7 16. b4 Nd8 17. a3 Ng6 18. g3 Bb7 19. Rd7 Rc8 20. Kb2 a6 21.
Be2 Re8 22. Rhd1 b5 23. Nd2 Nf8 24. Rd6 Bc6 25. Nb3 Nb7 26. R6d2 Re7 27. Nd4
Be8 28. e5 Nd7 29. a4 bxa4 30. Nxa4 a5 31. Ba6 Nb8 32. Nb6 Rd8 33. Bxb7 Rxb7
34. bxa5 Rd5 35. Nb3 Rb5 36. Rc1 Kf8 37. Rd8 Ke7 38. Rcc8 Bc6 39. Rxb8 1-0

[Event "4th Novi Sad it"]
[Site "Novi Sad"]
[Date "1975.10.12"]
[EventDate "1975.10.05"]
[Round "7.1"]
[White "Deze, Anton"]
[Black "Vukic, Milan"]
[Result "1/2-1/2"]
[WhiteElo "2380"]
[BlackElo "2450"]
[PlyCount "160"]
[Source "Perpetual Check"]

1. c4 e5 2. Nc3 Nf6 3. Nf3 Nc6 4. d4 e4 5. Ng5 h6 6. Ngxe4 Nxe4 7. Nxe4 Qh4 8.
Nc3 Qxd4 9. Bd2 Qxc4 10. e4 Qe6 11. Be2 Bd6 12. O-O O-O 13. f4 Ne7 14. Kh1 c6
15. e5 Bb8 16. f5 Nxf5 17. Bg4 Qxe5 18. Bf4 Ne3 19. Qd3 Nxg4 20. Bxe5 Nxe5 21.
Qd4 d5 22. Rae1 f6 23. b4 a6 24. Na4 Nc4 25. Qf2 Bd6 26. Nb6 Nxb6 27. Qxb6 Rb8
28. a4 Bd7 29. Rd1 Be5 30. Qc5 Rf7 31. b5 b6 32. Qf2 axb5 33. axb5 cxb5 34.
Rxd5 Be6 35. Rdd1 b4 36. Rb1 b3 37. Qe3 b5 38. Rxb3 Bxb3 39. Qxb3 b4 40. Rd1
Kf8 41. Rb1 Rc7 42. Rf1 g6 43. g3 Kg7 44. Re1 Rbb7 45. Re4 Bd6 46. Re6 Bf8 47.
Kg2 h5 48. h3 Re7 49. Rc6 Ra7 50. Qb2 Rf7 51. h4 Rac7 52. Qc1 Rb7 53. Qb2 Rbd7
54. Qf2 Bd6 55. Rb6 Be5 56. Qe2 Rd4 57. Qe1 Rg4 58. Rxb4 Bxg3 59. Qb1 Bxh4+ 60.
Rxg4 hxg4 61. Qb2 Kh6 62. Qd4 f5 63. Qh8+ Rh7 64. Qf8+ Kh5 65. Qg8 Rh6 66. Qb8
Bf6 67. Qd6 Bh4 68. Qe5 Rh7 69. Kf1 Re7 70. Qh8+ Kg5 71. Qd8 Kf4 72. Qd6+ Re5
73. Qd4+ Re4 74. Qd6+ Ke3 75. Qa3+ Kd2 76. Qd6+ Kc3 77. Qxg6 Re5 78. Qd6 Rb5
79. Qc6+ Kb4 80. Qh6 Bg3 1/2-1/2

[Event "4th Novi Sad it"]
[Site "Novi Sad"]
[Date "1975.10.12"]
[EventDate "1975.10.05"]
[Round "7.2"]
[White "Romanishin, Oleg"]
[Black "Tarjan, James Edward"]
[Result "1-0"]
[WhiteElo "2485"]
[BlackElo "2480"]
[PlyCount "88"]
[Source "Perpetual Check"]

1. d4 Nf6 2. c4 g6 3. Nc3 d5 4. Nf3 Bg7 5. cxd5 Nxd5 6. Qb3 Nxc3 7. bxc3 c5 8.
e3 O-O 9. Ba3 b6 10. Bb5 Be6 11. Qb2 Bd7 12. Be2 Nc6 13. O-O cxd4 14. cxd4 Re8
15. Qd2 Na5 16. Rac1 Rc8 17. Bb4 Nc6 18. Bc3 Bf5 19. Bc4 Bf6 20. Qe2 e5 21. Ba6
Rc7 22. dxe5 Nxe5 23. Nd4 Bc8 24. Bb5 Bd7 25. Rfd1 Qe7 26. Bxd7 Nxd7 27. Nb5
Rc6 28. Bxf6 Qxf6 29. Rxc6 Qxc6 30. Nxa7 Qa4 31. Nb5 Nc5 32. Nc3 Qa3 33. Qc4
Ra8 34. h4 Qb2 35. h5 gxh5 36. Qd5 Rf8 37. Qg5+ Kh8 38. Qf6+ Kg8 39. Qg5+ Kh8
40. Qf6+ Kg8 41. Rd5 Ne6 42. Rxh5 Rc8 43. Rf5 Rc7 44. Rg5+ Kf8 1-0

[Event "4th Novi Sad it"]
[Site "Novi Sad"]
[Date "1975.10.12"]
[EventDate "1975.10.05"]
[Round "7.3"]
[White "Fichtl, Jiri"]
[Black "Baretic, Dragoljub"]
[Result "1-0"]
[WhiteElo "2390"]
[BlackElo "2305"]
[PlyCount "53"]
[Source "Perpetual Check"]

1. e4 c5 2. Nf3 e6 3. c3 Nf6 4. e5 Nd5 5. d4 cxd4 6. cxd4 d6 7. a3 Nc6 8. Bd3
dxe5 9. dxe5 Qc7 10. O-O Nxe5 11. Nxe5 Qxe5 12. Bb5+ Ke7 13. Re1 Qd6 14. Bd2 f6
15. Qe2 Kf7 16. Nc3 Bd7 17. Rad1 Bc6 18. Bc4 a6 19. Nxd5 exd5 20. Bb4 Qd7 21.
Qh5+ g6 22. Bxd5+ Kg7 23. Bxc6 Qxc6 24. Qh3 h5 25. Rd7+ Kh6 26. Bd2+ g5 27. Re6
1-0

[Event "4th Novi Sad it"]
[Site "Novi Sad"]
[Date "1975.10.12"]
[EventDate "1975.10.05"]
[Round "7.4"]
[White "Ilijic, Milan"]
[Black "Matulovic, Milan"]
[Result "1/2-1/2"]
[WhiteElo "2345"]
[BlackElo "2530"]
[PlyCount "68"]
[Source "Perpetual Check"]

1. c4 g6 2. Nc3 Bg7 3. g3 e5 4. Bg2 d6 5. d3 Nf6 6. Rb1 a5 7. a3 O-O 8. Nf3 Re8
9. O-O Nc6 10. b4 axb4 11. axb4 e4 12. dxe4 Nxe4 13. Nxe4 Rxe4 14. Ng5 Re7 15.
Bb2 Re8 16. Bxg7 Kxg7 17. Qd2 h6 18. Nh3 Bxh3 19. Bxh3 Qf6 20. Bg2 Nd4 21. Rfe1
Ra7 22. e3 Ne6 23. h4 Rea8 24. Rb2 Ra1 25. Reb1 R8a7 26. Kh2 b6 27. Bd5 Nf8 28.
Rxa1 Rxa1 29. Ra2 Rxa2 30. Qxa2 Nd7 31. Kg2 Ne5 32. Qc2 h5 33. Qe4 Ng4 34. Qd4
c5 1/2-1/2

[Event "4th Novi Sad it"]
[Site "Novi Sad"]
[Date "1975.10.12"]
[EventDate "1975.10.05"]
[Round "7.5"]
[White "Bojkovic, Slobodan"]
[Black "Ivkov, Borislav"]
[Result "1/2-1/2"]
[WhiteElo "2450"]
[BlackElo "2550"]
[PlyCount "29"]
[Source "Perpetual Check"]

1. e4 e6 2. d4 d5 3. Nd2 c5 4. exd5 exd5 5. Ngf3 Nc6 6. Bb5 Bd6 7. O-O Nge7 8.
dxc5 Bxc5 9. Nb3 Bb6 10. Re1 O-O 11. Be3 Bg4 12. c3 Re8 13. h3 Bh5 14. Bd3 Bg6
15. Bxb6 1/2-1/2

[Event "4th Novi Sad it"]
[Site "Novi Sad"]
[Date "1975.10.12"]
[EventDate "1975.10.05"]
[Round "7.6"]
[White "Notaros, Krasoje"]
[Black "Buljovcic, Ivan"]
[Result "1/2-1/2"]
[WhiteElo "2305"]
[BlackElo "2435"]
[PlyCount "30"]
[Source "Perpetual Check"]

1. e4 c5 2. Nf3 d6 3. Bb5+ Nd7 4. d4 Ngf6 5. Nc3 a6 6. Bxd7+ Nxd7 7. Be3 e6 8.
dxc5 dxc5 9. Qe2 Be7 10. O-O Qc7 11. a4 b6 12. Nd2 Bb7 13. Nc4 O-O 14. f3 Rad8
15. Bf2 Nf6 1/2-1/2

[Event "4th Novi Sad it"]
[Site "Novi Sad"]
[Date "1975.10.13"]
[EventDate "1975.10.05"]
[Round "8.1"]
[White "Vukic, Milan"]
[Black "Garcia Gonzales, Guillermo"]
[Result "0-1"]
[WhiteElo "2450"]
[BlackElo "2485"]
[PlyCount "107"]
[Source "Perpetual Check"]

1. Nf3 Nf6 2. g3 c5 3. c4 Nc6 4. Bg2 Qb6 5. Nc3 e6 6. O-O Be7 7. b3 O-O 8. Na4
Qa6 9. Ba3 d6 10. Bb2 Bd7 11. d3 Rfd8 12. e3 Rac8 13. Rc1 Be8 14. Nc3 d5 15. a3
Na5 16. Qc2 Qb6 17. Nd2 dxc4 18. Nxc4 Nxc4 19. bxc4 Bc6 20. e4 Ng4 21. Rb1 Qa6
22. h3 Ne5 23. Rfd1 Be8 24. Nb5 Nc6 25. e5 b6 26. Bc3 Nd4 27. Bxd4 cxd4 28. Qb2
Bc5 29. a4 Qa5 30. Ra1 a6 31. Qe2 Be7 32. Rdb1 axb5 33. axb5 Qc3 34. Qd1 Bb4
35. Ra2 Ba5 36. f4 f6 37. exf6 Bg6 38. Bf1 e5 39. Qg4 exf4 40. Qe6+ Bf7 41. Qg4
g6 42. Qxf4 Bb4 43. Rc1 Bd6 44. Qh6 Bf8 45. Qf4 Qb4 46. Ra7 Qd6 47. Qh4 h5 48.
Bg2 Bh6 49. Rf1 Be3+ 50. Kh1 Rc7 51. Ra6 Re8 52. g4 g5 53. Qe1 hxg4 54. Qd1 0-1

[Event "4th Novi Sad it"]
[Site "Novi Sad"]
[Date "1975.10.13"]
[EventDate "1975.10.05"]
[Round "8.3"]
[White "Buljovcic, Ivan"]
[Black "Balashov, Yury"]
[Result "1/2-1/2"]
[WhiteElo "2435"]
[BlackElo "2540"]
[PlyCount "113"]
[Source "Perpetual Check"]

1. e4 c5 2. c3 Nf6 3. e5 Nd5 4. d4 cxd4 5. Qxd4 e6 6. Nf3 Nc6 7. Qe4 d6 8. Nbd2
dxe5 9. Nxe5 Qc7 10. Ndf3 g6 11. Nxc6 bxc6 12. Qe5 Qxe5+ 13. Nxe5 Bg7 14. f4 g5
15. g3 Bb7 16. Bg2 gxf4 17. gxf4 Rg8 18. Bf3 f6 19. Nd3 O-O-O 20. Nc5 Rge8 21.
Bh5 Re7 22. Kf2 Bh6 23. Re1 Nxf4 24. Bg4 Kb8 25. Bxe6 Rde8 26. Bf5 Bc8 27. Rxe7
Rxe7 28. Kf3 Bxf5 29. Bxf4+ Bxf4 30. Kxf4 Re5 31. b4 Bc8 32. Kf3 h5 33. Kf2 Bg4
34. Re1 Rf5+ 35. Ke3 Kc7 36. Nd3 Kd6 37. Kd4 h4 38. Rg1 Rd5+ 39. Ke3 Bf5 40.
Nf4 Re5+ 41. Kf2 Re4 42. Rd1+ Kc7 43. Ng2 Be6 44. a3 Rc4 45. Rd3 f5 46. Ne3
Rf4+ 47. Ke2 h3 48. Rd1 Rh4 49. Kf3 Rh7 50. Rd4 Rg7 51. Kf4 Bd7 52. Rd2 Re7 53.
Rd4 Re8 54. Kf3 Rg8 55. Kf4 Ra8 56. Nc4 Be6 57. Ke5 1/2-1/2

[Event "4th Novi Sad it"]
[Site "Novi Sad"]
[Date "1975.10.13"]
[EventDate "1975.10.05"]
[Round "8.4"]
[White "Ivkov, Borislav"]
[Black "Notaros, Krasoje"]
[Result "1-0"]
[WhiteElo "2550"]
[BlackElo "2305"]
[PlyCount "51"]
[Source "Perpetual Check"]

1. d4 f5 2. g3 Nf6 3. Bg2 e6 4. c4 d5 5. Nh3 c6 6. Nd2 Bd6 7. Nf3 O-O 8. O-O
Nbd7 9. Qc2 Qe7 10. Bf4 h6 11. Bxd6 Qxd6 12. Nf4 Ne4 13. c5 Qb8 14. Nxe6 Re8
15. Nf4 Nf8 16. Ne5 Ng5 17. h4 Nf7 18. Nxf7 Kxf7 19. Nd3 Kg8 20. b4 a6 21. a4
Qc7 22. b5 axb5 23. axb5 Rxa1 24. Rxa1 Qe7 25. bxc6 bxc6 26. Ne5 1-0

[Event "4th Novi Sad it"]
[Site "Novi Sad"]
[Date "1975.10.13"]
[EventDate "1975.10.05"]
[Round "8.5"]
[White "Matulovic, Milan"]
[Black "Bojkovic, Slobodan"]
[Result "1-0"]
[WhiteElo "2530"]
[BlackElo "2450"]
[PlyCount "87"]
[Source "Perpetual Check"]

1. e4 c5 2. Nf3 e6 3. d4 cxd4 4. Nxd4 a6 5. Bd3 Qc7 6. O-O g6 7. c4 Bg7 8. Be3
d6 9. Nc3 Ne7 10. Rc1 Nd7 11. f4 Nc6 12. Nf3 O-O 13. Bb1 Nf6 14. h3 Rd8 15. Rf2
Rb8 16. Rd2 Bf8 17. Kh1 Bd7 18. a3 b6 19. b4 Be8 20. Bd3 Ne7 21. Qe1 Qb7 22.
Qh4 Bg7 23. f5 exf5 24. Bg5 fxe4 25. Nxe4 Nxe4 26. Bxe4 Bc6 27. Bxc6 Nxc6 28.
b5 Rdc8 29. bxc6 Rxc6 30. Re2 Rbc8 31. Re7 R6c7 32. Rce1 Rxe7 33. Rxe7 Qc6 34.
Qf4 Rf8 35. Nd2 Be5 36. Qf3 Qxf3 37. Nxf3 f6 38. Bh6 Rc8 39. Rg7+ Kh8 40. Rb7
Kg8 41. Nxe5 dxe5 42. Rxb6 Kf7 43. Be3 Rxc4 44. Rxa6 1-0

[Event "4th Novi Sad it"]
[Site "Novi Sad"]
[Date "1975.10.13"]
[EventDate "1975.10.05"]
[Round "8.6"]
[White "Baretic, Dragoljub"]
[Black "Ilijic, Milan"]
[Result "1-0"]
[WhiteElo "2305"]
[BlackElo "2345"]
[PlyCount "79"]
[Source "Perpetual Check"]

1. e4 d6 2. d4 Nf6 3. Bd3 g6 4. f4 c5 5. e5 Nfd7 6. Nf3 cxd4 7. O-O Bg7 8. e6
fxe6 9. Ng5 Nf8 10. Nd2 Nc6 11. a3 Bd7 12. b4 a6 13. Bb2 b5 14. Nb3 Qb6 15. Kh1
Bf6 16. Ne4 Bg7 17. Qd2 Rb8 18. Ng5 h6 19. Nf3 e5 20. fxe5 dxe5 21. Nc5 Bf5 22.
Bxf5 gxf5 23. c3 Rd8 24. cxd4 exd4 25. Nh4 e6 26. Qe2 Ne5 27. Qh5+ Ke7 28. Rxf5
Rd5 29. Rf4 Nh7 30. Bxd4 Rf8 31. Bxe5 Bxe5 32. Rxf8 Nxf8 33. Rf1 Bf4 34. Qf3
Rd4 35. g3 Qd8 36. gxf4 Rd2 37. f5 Qd4 38. Ng6+ Nxg6 39. fxg6 Qh4 40. Qf8# 1-0

[Event "4th Novi Sad it"]
[Site "Novi Sad"]
[Date "1975.10.13"]
[EventDate "1975.10.05"]
[Round "8.7"]
[White "Tarjan, James Edward"]
[Black "Fichtl, Jiri"]
[Result "1-0"]
[WhiteElo "2480"]
[BlackElo "2390"]
[PlyCount "59"]
[Source "Perpetual Check"]

1. d4 d5 2. c4 e6 3. Nf3 c6 4. e3 Nf6 5. Bd3 Nbd7 6. Nbd2 Be7 7. O-O O-O 8. b3
b6 9. Bb2 Bb7 10. Qe2 Rc8 11. Rac1 Rc7 12. Rfd1 Qc8 13. Ne5 c5 14. Nxd7 Qxd7
15. dxc5 Rxc5 16. e4 dxe4 17. Nxe4 Nxe4 18. Bxe4 Qc7 19. b4 Rg5 20. h4 Bxe4 21.
hxg5 Bf5 22. Qd2 e5 23. a3 Be6 24. Qe3 f6 25. Qe4 Rc8 26. gxf6 gxf6 27. Rd3 Qc6
28. Rg3+ Kh8 29. Qxe5 Rf8 30. Qg5 1-0

[Event "4th Novi Sad it"]
[Site "Novi Sad"]
[Date "1975.10.13"]
[EventDate "1975.10.05"]
[Round "8.8"]
[White "Deze, Anton"]
[Black "Romanishin, Oleg"]
[Result "0-1"]
[WhiteElo "2380"]
[BlackElo "2485"]
[PlyCount "82"]
[Source "Perpetual Check"]

1. d4 Nf6 2. c4 e6 3. Nc3 Bb4 4. a3 Bxc3+ 5. bxc3 d6 6. f3 e5 7. e4 c5 8. d5 h6
9. Bd3 Nbd7 10. Qa4 Nh5 11. Ne2 Qf6 12. Bb1 Nf4 13. Nxf4 exf4 14. O-O g5 15. g3
Ke7 16. Qc2 Ne5 17. Qe2 Bh3 18. Rf2 Rag8 19. Kh1 Kd7 20. Bd3 Kc7 21. Bd2 h5 22.
Rg1 Ng6 23. Qe1 Qe5 24. Bf1 Bd7 25. Qc1 fxg3 26. Rxg3 f6 27. Re2 Qe7 28. Re1
Ne5 29. Be2 Qh7 30. Qb1 Be8 31. Rgg1 Bg6 32. Rgf1 Re8 33. Bd3 h4 34. Kg1 Rhg8
35. Be2 g4 36. fxg4 Bxe4 37. Qd1 Bc2 38. Qc1 Nxg4 39. Bf3 Ne3+ 40. Kh1 Nxf1 41.
Rxf1 Be4 0-1

[Event "4th Novi Sad it"]
[Site "Novi Sad"]
[Date "1975.10.14"]
[EventDate "1975.10.05"]
[Round "9.1"]
[White "Romanishin, Oleg"]
[Black "Vukic, Milan"]
[Result "1-0"]
[WhiteElo "2485"]
[BlackElo "2450"]
[PlyCount "82"]
[Source "Perpetual Check"]

1. e4 Nf6 2. e5 Nd5 3. d4 d6 4. Nf3 Bg4 5. Be2 e6 6. h3 Bh5 7. O-O Be7 8. c4
Nb6 9. Nc3 O-O 10. exd6 cxd6 11. Bf4 a6 12. Rc1 Bxf3 13. Bxf3 Nxc4 14. b3 Na5
15. Ne4 Ra7 16. d5 e5 17. Be3 b6 18. b4 Nb7 19. g4 a5 20. a3 Ra8 21. Qa4 f6 22.
Qb5 Nd7 23. Qc6 Ra7 24. Be2 Rf7 25. Bb5 Bf8 26. Qc7 axb4 27. axb4 Ndc5 28. Qxd8
Nxd8 29. bxc5 bxc5 30. Ra1 Rfb7 31. Ba6 Rb8 32. Bd3 Rab7 33. Rfb1 Rxb1+ 34.
Bxb1 Be7 35. Bd3 Kf8 36. Ra6 Nf7 37. Kf1 g6 38. Nd2 Rb4 39. Ra8+ Kg7 40. Ra7
Kf8 41. Ke2 Bd8 1-0